1685 1571 1147 1718 1652 1978 1760 1517 1403 1859 1400 1846 1085 1166 1923 1366 1091 1534 1669 1174 1291 1036 1883 1255 1224 1705 1429 1677 1475 1704 1590 1004 1007 1920 1790 1998 1244 1131 1586 1413 1500 1435 1669 1443 1956 1541 1217 1225 1083 1902 1237 1954 1932 1608 1471 1329 1138 1900 1877 1952 1489 1377 1037 1932 1747 1995 1732 1467 1033 1182 1096 1475 1276 1042 1717 1986 1487 1913 1966 1646 1677 1698 1588 1073 1239 1125 1768 1570 1976 1197 1607 1898 1547 1618 1654 1225 1904 1740 1086 BCNSPRNW ULIB Ver.6.0+V

เปลี่ยนเป็นภาษาไทย

Change to English
 แสดงรายละเอียดบรรณานุกรม
  กลับหน้าหลัก

Brief Record : Get Marc (ISO 2709) : E-mail record : QR code < ปิดหน้าต่าง
LEADER : 00000nam a2200000Ia 4500
001    13399128742
003     ULIB
008    180509s2560 th a b 000 0 tha d
020    ^a9786164409941
040    ^abrv
060 04 ^aQX4^bณ311ป 2560
100 0  ^aณัฏฐวุฒิ แก้วพิทูลย์
245 10 ^aปรสิตวิทยาสำหรับพยาบาลและสาธารณสุข /^cณัฏฐวุฒิ แก้วพิทูลย์
250    ^aพิมพ์ครั้งที่ 2 (ฉบับปรับปรุง)
260    ^aนครราชสีมา :^bสมบูรณ์การพิมพ์,^c2560
300    ^a394 หน้า :^bภาพประกอบ ;^c25 ซม.
650  4 ^aปรสิตวิทยา
910    ^aSend to UC
945    ^p399^l0^i30210
945    ^p399^l0^i30211
995    ^aัณชพร
999    ^aกัณชพร
รายการนี้ยังไม่มีแท็ก
คุณยังไม่ได้ล็อกอิน คุณสามารถมีกิจกรรมร่วมกับเว็บไซต์ได้ แต่ต้องล็อกอินก่อน ::
  ล็อกอิน

รายการสื่อสารสนเทศ

ลำดับที่ ประเภท เลขเรียก/บาร์โค้ด สถานที่ สถานะ
1. วิทยาศาสตร์การแพทย์ และสุขภาพ
วิทยาศาสตร์การแพทย์ และสุขภาพ
QX4 ณ311ป 2560 ฉ.1 
  Barcode: 30210
ห้องสมุดวิทยาเขตนครสวรรค์
►หนังสือทั่วไป:l:General Books
บนชั้น
2. วิทยาศาสตร์การแพทย์ และสุขภาพ
วิทยาศาสตร์การแพทย์ และสุขภาพ
QX4 ณ311ป 2560 ฉ.2 
  Barcode: 30211
ห้องสมุดวิทยาเขตนครสวรรค์
►หนังสือทั่วไป:l:General Books
บนชั้น

รายการใกล้เคียง
    ผู้แต่ง [ณัฏฐวุฒิ แก้วพิทูลย์]

    หัวเรื่อง [ปรสิตวิทยา]

BibComment


ยังไม่เคยถูกคอมเมนท์

คอมเมนท์ทรัพยากรรายการนี้
  คอมเมนท์: ปรสิตวิทยาสำหรับ..


 Copyright 2026. Bcnsprnw @Library